02132agaaa2200361 45000010005000000030009000050050017000140070009000310080040000400400023000800410013001031000054001161300019001702400019001892450162002082460012003702500022003822600077004043000034004815080229005155110088007445200306008325380016011385460013011546500063011677000071012307000064013017000066013657000068014319420012014999990019015119520240015304103IT-RoPAU20220918181239.0d cvaizq50131s9999||||xx ||| | || ||und|| aIT-RoPAUcIT-RoPAU aITALIANO aPolanski RomangCodice regista SPICS: 1627944745 aFRANTIC944746 aFRANTICgT2245 aFRANTICcProdotto da: Hampton Tim -- Sceneggiatura: Polanski Roman Brach Gerard -- Diretto da: Polanski RomanpFRANTIC (Rif. Codice opera principale : 74103) aFRANTIC aEdizione Standard a(USA)bMOUNT COMPANY / g"1988 (1° ed.: 1988 ; Ed. Lingua Orig.: 1988)" aVHSbsonoro, col.c120 minuti a"Fotografia: Sobocinski Witold; Montaggio: O'Steen Sam; Musica: Morricone Ennio; Sceneggiatura: Polanski Roman Brach Gerard; Scenografia: Guffroy Pierre; Coreografia: Pierre-Guffroy; Soggetto: Polanski Roman -- Brach Gerard" a"Ford Harrison; Buckley Betty; Seigner Emmanuelle; Voyagis Yorgo; Huddleston David" aALTRI-INTERPRETI: JOHN-MAHONEY GERARD-KLEIN YVES-RENIER PATRICE-MELLENEC YORGO-VOYAGISSCOMPARE LA MOGLIE DI UN MEDICO AMERICANO A PARIGI IL MARITO LA CERCA AFFANNOSAMENTE E INFINE SCOPRE CHE E' STATA RAPITA DA UNA BANDA DI TERRORISTI IN SEGUITO A UN EQUIVOCO THRILLING A COLORI QUALITA' NON ECCELLENTE aPAL, STEREO aITALIANO aDRAMMATICOeFILMS [VHS]xCodice MATERIA SPICS: 9960934083 aBrach Gerard e(soggetto)gCodice Soggetto 2° SPICS: 30938944747 aMorricone Ennioe(musica)gCodice Musica SPICS: 3535944748 aPolanski Roman e(regista)gCodice regista SPICS: 1627944749 aPolanski Roman e(soggetto)gCodice Soggetto SPICS: 1627944750 cVH2ddc c106038d106038 001040674103_00000000000000071aSPICSbSPICSd2015-01-31l0o74103r2015-01-31 00:00:00w2015-01-31yVHzProgr. Ins.: 2457 / N.Vol.:1 / Copie: 1 / Pag.:0 / Copia rara: n.d. / date import: 1.2.2015 / By Epidotti, Trombetti, Vaglietti